000 00402nam a22001697a 4500
003 MPLRDC
005 20220104143353.0
008 210129b ||||| |||| 00| 0 eng d
082 _a448.682 ZSX
100 _a张松熙
245 _a晶体管收音机修理手册
_c
250 _a四版
260 _a
_b大光出版社
_c1973
300 _b
650 _a收音机
942 _cBK
_o448.682 ZSX
999 _c39236
_d39226